LIBRARY ONLINE CATALOGUE

Atlas of economic issues / (Record no. 14883)

MARC details
000 -LEADER
fixed length control field 00698nam a22002292 4500
001 - CONTROL NUMBER
control field 0000001346
005 - DATE AND TIME OF LATEST TRANSACTION
control field 20151217161130.0
008 - FIXED-LENGTH DATA ELEMENTS--GENERAL INFORMATION
fixed length control field 070305s xx 000 0 eng d
020 ## - INTERNATIONAL STANDARD BOOK NUMBER
International Standard Book Number 0816024812 :
040 ## - CATALOGING SOURCE
Original cataloging agency KABU
Transcribing agency KABU
050 #0 - LIBRARY OF CONGRESS CALL NUMBER
Classification number HB183
Item number .M33 1991
100 1# - MAIN ENTRY--PERSONAL NAME
Personal name Macmillan, Bill.
-- 0000117137
245 10 - TITLE STATEMENT
Title Atlas of economic issues /
Statement of responsibility, etc. Bill Macmillan, Gordon Fell.
260 ## - PUBLICATION, DISTRIBUTION, ETC. (IMPRINT)
Place of publication, distribution, etc. New York :
Name of publisher, distributor, etc. Facts on File,
Date of publication, distribution, etc. ?.
300 ## - PHYSICAL DESCRIPTION
Extent 64 p.
650 #0 - SUBJECT ADDED ENTRY--TOPICAL TERM
Topical term or geographic name as entry element Economics
General subdivision Juvenile literature.
-- 0000149988
650 #0 - SUBJECT ADDED ENTRY--TOPICAL TERM
Topical term or geographic name as entry element Comparative economics.
-- 0000149989
700 1# - ADDED ENTRY--PERSONAL NAME
Personal name Fell, Gordon.
-- 0000117138
908 ## - PUT COMMAND PARAMETER (RLIN)
Put command parameter 070305
950 ## - LOCAL HOLDINGS (RLIN)
-- 1
Holdings
Withdrawn status Lost status Source of classification or shelving scheme Not for loan Home library Current library Date acquired Total Checkouts Full call number Barcode Date last seen Price effective from Koha item type
    Library of Congress Classification Not For Loan Kabarak, Main Campus Kabarak, Main Campus 17/12/2015   HB183 .M33 1991 009666 17/12/2015 17/12/2015 Reference